Quizzes
Events
Quiz Creation
Community
Videos
Private Events
Remove Ads
Sign In
Join for FREE
Feedback
Dark Mode
Quiz Categories
Sports
Geography
Music
Movies
Television
Just For Fun
Miscellaneous
History
Literature
Language
Science
Gaming
Entertainment
Religion
Holiday
For Kids
Quiz Lab
Recent
Popular Today
Quiz Kudos Today
Editor Picks
Curator Picks
Quizzes by...
Day
Popularity
Type
Ratings
Length
Year
Community
Subscriptions
Recent Discussions
Orange Saloon
Badges
Playlists
Quests
Create
Leaderboards
Showdown
Live 5
Trivia Bingo
Activity
Puzzle Library
Sporcle Events
Private Events
Virtual Trivia
Globe League
Become a Host
Pub Owners
SporcleCon
Opinionation
Our Games
Videos
Blog
Mobile Apps
Partnerships
Remove Ads and Go Orange
Feedback
Geography
Country
Landmarks
City
State
Population
World
Capital
Continent
Flags
Europe
Africa
Asia
South America
North America
Oceania
Border
Canada
United Kingdom
Topography
United States
Geography
Country
Landmarks
City
State
Population
World
Capital
Continent
Flags
Europe
Africa
Asia
South America
North America
Oceania
Border
Canada
United Kingdom
Topography
United States
Random Quiz
Search Sporcle
×
Quiz Lab
Quiz Lab
Geography
Country
Type in answers that appear in a list
Type in answers that appear in a list
Classic
Best Score? Go Orange.
Bordering countries by population II Stats
Can you name the Bordering countries by population #11-#20?
By
HPB99
10m
50 Questions
49 Plays
49 Plays
49 Plays
Comments
Comments
Give Quiz Kudos
Give Quiz Kudos
-
- Ratings
hide this ad
More Info
Replay
Link that replays current quiz
Next Quiz
Link to next quiz in quiz playlist
You Got
0%
They Got
Avg Score
79%
Avg Friend Score
Upgrade to see
Score Distribution
Jump to the score distribution portion of the page
Score
0/50
Timer
10:00
0
Plays Today
Answer
% Correct
China
95.9%
China
95.9%
Sudan
91.8%
Poland
91.8%
Switzerland
89.8%
France
89.8%
Luxembourg
89.8%
Belgium
89.8%
Burundi
89.8%
Taiwan
87.8%
Malaysia
87.8%
Libya
87.8%
Israel
87.8%
Laos
87.8%
Denmark
87.8%
Austria
87.8%
Netherlands
87.8%
Rwanda
87.8%
Republic of the Congo
87.8%
Malaysia
87.8%
Laos
87.8%
Vietnam
85.7%
Indonesia
85.7%
Cambodia
85.7%
Czechia
85.7%
Answer
% Correct
Central African Republic
85.7%
Uganda
85.7%
Tanzania
85.7%
Angola
85.7%
Armenia
85.7%
Iraq
85.7%
Turkmenistan
85.7%
Armenia
85.7%
Iraq
85.7%
Greece
85.7%
Myanmar
85.7%
Cambodia
85.7%
Palestine
83.7%
Zambia
83.7%
Pakistan
83.7%
Afghanistan
83.7%
Syria
83.7%
Bulgaria
83.7%
South Sudan
81.6%
Azerbaijan
79.6%
Azerbaijan
79.6%
Georgia
79.6%
Iran
77.6%
Turkey
73.5%
Palau
53.1%
Quiz Playlist
Details
Report
Send in Message
Add To Playlist
More Info:
#13 Philippines has no land borders therefore all borders are Maritime borders (water)
Classic:
Type in answers that appear in a list
Last Updated: Jun 27, 2021
Quiz Scoreboard
CHALLENGE
Sign Up to Join the Scoreboard
Show All
Scores
Hide
Comments
May contain spoilers
Recently Published
Presidents Visiting Landmarks
by Hejman
History
7m
An Introduction to Baseball
by treessimontrees
Sports
5m
Movies - When Are They Set?
by FPL_Elf
Movies
5m
More to Explore
Quiz From the Vault
Featured Blog Post
Where Did the Easter Bunny Come From?
hide this ad
You Might Also Like...
Tags
Country Quiz
Population Quiz
Today's Top Quizzes in Geography
Browse Geography
hide this ad
Today's Top Quizzes in Country
Browse Country
Top Contributed Quizzes in Geography
1
Countries of the World - No Outlines Minefield
2
Top 25 Cities of France on a map
3
Any capital of a 'B' country per Continent
4
Closest Countries to UK A-Z
5
Any capital of a 'C' country per Continent
6
One Thing in Common: United Kingdom
7
Any capital of a 'D' country per Continent
8
5-to-1: US Geography No Hints
9
Any capital of an 'E' country per Continent
10
Find the Provinces of Canada - No Outlines Minefield
Explore More
Trending Topics
NBA
Anime
Disney
Harry Potter
Crossword
Marvel
Kpop
WWE
Pokémon
Puzzle
Song
The Office
Soccer
NFL
Country
hide this ad
More By:
HPB99
Quiz
Plays
Rating
Category
Featured
Created
Find the Countries of the World Ultimate Minefield
1,448
2.14
Geography
Aug 16, 2017
top 20 largest countries of the world on a map by area
792
1.75
Geography
Jul 29, 2017
Who Did We Vote for US President?
481
4.60
History
Jan 19, 2023
top 20 most populous countries of the world on a map
217
3.00
Geography
Aug 4, 2017
USA Expansion
208
3.75
History
Jul 30, 2017
Go to Creator's Profile
Score Distribution
Quiz Creator Spotlight
HPB99
Follow
Send a Message
Quizzes Created
-
Created Quiz Play Count
-
More By This Creator
Popular Quizzes Today
1
Find the US States - No Outlines Minefield
2
Find the Countries of Europe - No Outlines Minefield
3
The Countries of the World
4
Find the US States
5
Popular People in 1961
6
US States
7
Risky Map Clicking: Biggest States A-Z
8
Movies - When Are They Set?
More Geography Quizzes
Risk and Reward: Europe Population
Published
Trending Quizzes
Risky Map Clicking: Least Populous States A-Z
1-10 Letter G Words
1-10 Letter F Words
Risky Map Clicking: Next State Alphabetically
Risky Map Clicking: Biggest States A-Z
Recently Updated
Leaping Animals
pecheneg
Reality TV Shows (A-Z)
bhenderson79
Rickey Henderson's Hall of Fame Teammates
pecheneg
Champions League XIs: Arsenal
pecheneg
Quick Pick: Celebrities in WWE's Hall of Fame
aduchscher
A-Z Keypad Blitz II
pecheneg
Multiple Oscar Actors
pecheneg
Mystery Phrase Blitz: Oscar 'Best Actors'
pecheneg
F. Scott Fitzgerald Novels
LTH
Pick 3 Villains
ddd62291
Trending Topics
Marvel
Disney
NBA
Crossword
Harry Potter
Anime
Kpop
Pokémon
Puzzle
WWE
NFL
Country
Soccer
Song
The Office
Your Account Isn't Verified!
In order to create a playlist on Sporcle, you need to verify the email address you used during registration. Go to your
Sporcle Settings
to finish the process.
Report this User
Report this user for behavior that violates our
Community Guidelines
.
Details:
Send Report
Go to the Sporcle.com Mobile Site →
Comments